| 000 | 00449nam a2200193Ia 4500 | ||
|---|---|---|---|
| 008 | 160803s9999 xx 000 0 und d | ||
| 020 | _a9780439738521 | ||
| 100 | _aWhittier, A. J | ||
| 245 | _aWhat's so funny? / | ||
| 245 | _cA. J Whittier. | ||
| 260 | _aNew York : | ||
| 260 | _bScholastic Inc. | ||
| 260 | _c2006 | ||
| 300 | _a16 pages : | ||
| 300 | _bcolor illustrations ; | ||
| 300 | _c23 cm. | ||
| 650 | _aFunny. | ||
| 700 | _a350 | ||
| 999 |
_c299397 _d299397 |
||